Statistics for 10 Plagues of Egypt

Click here to take the quiz!

General Stats

  • This quiz has been taken 26,595 times
    (26,569 since last reset)
  • The average score is 5 of 10

Answer Stats

# Plague % Correct
8Locusts
83%
1Blood
77%
2Frogs
74%
10Death of the Firstborn
66%
6Boils
43%
5Pestilence
42%
9Darkness
41%
4Flies
41%
7Hail
31%
3Lice
30%

Score Distribution

Percentile by Number Answered

Percent of People with Each Score

Your Score History

You have not taken this quiz since the last reset